Drinking, homicide and rebellion in colonial mexican villages

Αποθηκεύτηκε σε:
Λεπτομέρειες βιβλιογραφικής εγγραφής
Κύριος συγγραφέας: Taylor, William B (Συγγραφέας)
Μορφή: Βιβλίο
Γλώσσα:Αγγλικά
Έκδοση: Palo Alto Stanford Univerty Press 1978
Θέματα:
Ετικέτες: Προσθήκη ετικέτας
Δεν υπάρχουν, Καταχωρήστε ετικέτα πρώτοι!

MARC

LEADER 00000cam a2200000 a 4500
001 UCX1701
003 CL-VaPUC
008 901022e19780000US |||||||||||||||||eng|d
082 0 4 |a 972.02  |b TAY  |2 21 
100 0 |a Taylor, William B  |e author  |9 317311 
245 1 0 |a Drinking, homicide and rebellion in colonial mexican villages 
300 |a 242 p 
942 |c BK 
945 |d 19901022 00:00:00 
260 |a Palo Alto  |b Stanford Univerty Press  |c 1978 
650 0 |a Historia  |9 255047 
651 0 |a México  |9 255269 
583 |a last modification  |c 20150505 12:50:58  |k Rodrigo Vera 
999 |c 222875  |d 222873 
952 |0 0  |1 0  |3 erb  |4 0  |6 972_020000000000000_TAY_1978  |7 0  |8 A  |9 218163  |a BIBHIS  |b BIBHIS  |i 5038715  |o 972.02 TAY 1978  |p 5038715  |r 2025-01-20  |w 2019-11-15  |y BK  |z Catalogado en:20140717  |k HIS